| 000 | 01101cam a22003257a 4500 | ||
|---|---|---|---|
| 003 | CHAP | ||
| 005 | 20230607094734.0 | ||
| 008 | 971013s1979 r 00010 d | ||
| 010 | _a47447 | ||
| 011 | _a48419 | ||
| 035 | _a52565 | ||
| 040 | _cCHAP | ||
| 090 | _aFolleto 5991 | ||
| 100 | 0 | 0 |
_aVan Holsteijn, H. M. C. _9117772 |
| 245 | 1 | 2 | _aA closed systems for measuremente of photosynthesis, respiration and CO2 compensation points |
| 260 |
_aWageningen : _bVeenman & Zonen, _c1979 |
||
| 300 |
_a14 p. _b; gráfs. |
||
| 490 | 0 |
_aMededelingen Landbouwhogeschool _v; 79-10 |
|
| 590 |
_aBATCH-UPD _b10 _c20130110 _lUCH01 _h1228 |
||
| 590 |
_aBATCH-UPD _b10 _c20130410 _lUCH01 _h0800 |
||
| 590 |
_aBATCH-UPD _b10 _c20130914 _lUCH01 _h0638 |
||
| 590 |
_aCONVERSION _b10 _c20130109 _lUCH01 _h1326 |
||
| 650 | 1 | 7 |
_aDióxido de carbono _xEfecto en plantas _2 _912848 |
| 650 | 1 | 4 |
_aFotosíntesis. _942737 |
| 650 | 1 | 4 |
_aPlantas _xRespiración. _988889 |
| 830 | 0 |
_aMededelingen Landbouwhogeschool _v; 79-10 _973858 |
|
| 901 | _aBK | ||
| 942 | _cFOLL | ||
| 949 |
_aFolleto 5991 _bBC _cFOLL _d-117022 _eTS1 _i52565 _mD _si |
||
| 999 |
_c47447 _d47447 |
||